Aprendamos lengua y literatura 1 /
Guardado en:
| Autor Principal: | |
|---|---|
| Formato: | Libro |
| Publicado: |
Córdoba :
Comunic-arte,
2013
|
| Materias: | |
| Etiquetas: |
Agregar Etiqueta
Sin Etiquetas, Sea el primero en etiquetar este registro!
|
| LEADER | 00976nam a22002055a 4500 | ||
|---|---|---|---|
| 001 | CEM.cems014624 | ||
| 005 | 20150812155829.0 | ||
| 008 | 130507s2013##################000#0#####d | ||
| 003 | CEMS | ||
| 020 | |a 9789876022422 | ||
| 082 | 0 | 4 | |a 468 |
| 100 | 1 | |a Delgado, Myriam | |
| 245 | 1 | 0 | |a Aprendamos lengua y literatura 1 / |c Myriam Delgado |
| 260 | |a Córdoba : |b Comunic-arte, |c 2013 | ||
| 300 | |a 144 p. | ||
| 505 | 0 | |a Para leer y pensar ¿Para qué sirve leer? -- ¿Nos comunicamos? Comunicación e incomunicación -- Chicos ¡a escena! Se corre el telón -- Leyendo leyendas. De boca en boca -- Yo expongo. El texto expositivo -- Ventanas de poesía -- La libertad del lenguaje poético -- De hadas, princesas y ogros. El cuento maravilloso -- ¡A cazar cuentos y noticias! El cuento realista -- De misterios y fantasmas -- El cuento fantástico | |
| 653 | |a Lengua | ||
| 653 | |a Literatura | ||
| 653 | |a Texto escolar | ||
| 859 | |a CEMS |b BIB. CEMS - 11 de abril |h 468 |i D378 |p 27184.15 |t Ej.1 |v 1 |3 1 | ||
